6+ Antwerp Fashion (Record no. 11001)

MARC details
000 -CABECERA
campo de control de longitud fija 01184nam a22003257a 4500
001 - NÚMERO DE CONTROL
campo de control BRCA_9379
003 - IDENTIFICADOR DEL NÚMERO DE CONTROL
campo de control FranzMayer
005 - FECHA Y HORA DE LA ÚLTIMA TRANSACCIÓN
campo de control 20230918124006.0
008 - DATOS DE LONGITUD FIJA--INFORMACIÓN GENERAL
campo de control de longitud fija 230901b |||||||| |||| 00| 0 eng d
020 ## - NÚMERO INTERNACIONAL ESTÁNDAR DEL LIBRO
Número Internacional Estándar del Libro 978905544659
040 ## - FUENTE DE LA CATALOGACIÓN
Centro catalogador/agencia de origen MFM
Lengua de catalogación ESPAÑOL
Centro/agencia transcriptor MFM
050 #0 - SIGNATURA TOPOGRÁFICA DE LA BIBLIOTECA DEL CONGRESO
Número de clasificación N1760
Número de documento/Ítem L83 2007
110 1# - ENTRADA PRINCIPAL--NOMBRE DE ENTIDAD CORPORATIVA
Código de función/relación Responsable
Nombre de entidad corporativa o nombre de jurisdicción como elemento de entrada Ludion
9 (RLIN) 29431
240 ## - TÍTULO UNIFORME
Título uniforme 6+ Antwerp Fashion
Medio At the Flemish Parliament
Lenguaje de la obra Inglés
245 0# - MENCIÓN DE TÍTULO
Título 6+ Antwerp Fashion
Resto del título At the Flemish Parliament
260 ## - PUBLICACIÓN, DISTRIBUCIÓN, ETC.
Lugar de publicación, distribución, etc. Bruselas, Bélgica
Nombre del editor, distribuidor, etc. Ludion
Fecha de publicación, distribución, etc. 2007
300 ## - DESCRIPCIÓN FÍSICA
Extensión 223 p
Otras características físicas Ilustraciones a color
Dimensiones 29 cm
500 ## - NOTA GENERAL
Nota general Anexo 1
505 ## - NOTA DE CONTENIDO CON FORMATO
Nota de contenido con formato Texto en inglésIncluye índice temáticoDirigido a: diseñadores
650 1# - PUNTO DE ACCESO ADICIONAL DE MATERIA--TÉRMINO DE MATERIA
Fuente del encabezamiento o término Artes visuales
Término de materia o nombre geográfico como elemento de entrada Museos
Subdivisión de forma Galerías
9 (RLIN) 29432
651 2# - PUNTO DE ACCESO ADICIONAL DE MATERIA--NOMBRE GEOGRÁFICO
Fuente del encabezamiento o término Europa
Nombre geográfico Bélgica
Subdivisión de forma Antwerp
9 (RLIN) 29433
710 1# - PUNTO DE ACCESO ADICIONAL--NOMBRE DE ENTIDAD CORPORATIVA
Código de función/relación Colaborador
Nombre de entidad corporativa o nombre de jurisdicción como elemento de entrada The Six Belgian Designers
9 (RLIN) 29434
710 1# - PUNTO DE ACCESO ADICIONAL--NOMBRE DE ENTIDAD CORPORATIVA
Código de función/relación Colaborador
Nombre de entidad corporativa o nombre de jurisdicción como elemento de entrada Ann Demeulemeester
9 (RLIN) 29435
710 1# - PUNTO DE ACCESO ADICIONAL--NOMBRE DE ENTIDAD CORPORATIVA
Código de función/relación Colaborador
Nombre de entidad corporativa o nombre de jurisdicción como elemento de entrada Walter Van Beurendock
9 (RLIN) 29436
710 1# - PUNTO DE ACCESO ADICIONAL--NOMBRE DE ENTIDAD CORPORATIVA
Código de función/relación Colaborador
Nombre de entidad corporativa o nombre de jurisdicción como elemento de entrada Dries Van Noten
9 (RLIN) 29437
710 1# - PUNTO DE ACCESO ADICIONAL--NOMBRE DE ENTIDAD CORPORATIVA
Código de función/relación Colaborador
Nombre de entidad corporativa o nombre de jurisdicción como elemento de entrada Dirk Bikkembergs
9 (RLIN) 29438
710 1# - PUNTO DE ACCESO ADICIONAL--NOMBRE DE ENTIDAD CORPORATIVA
Código de función/relación Colaborador
Nombre de entidad corporativa o nombre de jurisdicción como elemento de entrada Marina Vee
9 (RLIN) 29439
710 1# - PUNTO DE ACCESO ADICIONAL--NOMBRE DE ENTIDAD CORPORATIVA
Código de función/relación Colaborador
Nombre de entidad corporativa o nombre de jurisdicción como elemento de entrada Dirk Van Saene
9 (RLIN) 29440
942 ## - ELEMENTOS DE PUNTO DE ACCESO ADICIONAL (KOHA)
Fuente del sistema de clasificación o colocación Library of Congress Classification
Tipo de ítem Koha Libros
Holdings
Estado de retiro Estado de pérdida Fuente del sistema de clasificación o colocación Estado dañado No para préstamo Código de colección Localización permanente Ubicación/localización actual Fecha de adquisición Total de préstamos Signatura topográfica completa Código de barras Fecha visto por última vez Precio válido a partir de Tipo de ítem Koha
El ejemplar forma parte de la colección y puede ser consultado según las políticas vigentes.   Library of Congress Classification     Fondo Contemporáneo Biblioteca del Museo Franz Mayer (Rogerio Casas-Alatriste) Biblioteca del Museo Franz Mayer (Rogerio Casas-Alatriste) 01/09/2023   N1760 L83 2007 CONT10147 01/09/2023 01/09/2023 Libros